00354nam a2200121 a 45000010005000000030005000050050017000100080041000270400020000681000033000882450091001212600020002123101CDMR20130312183303.0130130s1968||||||||||||||||||||||||||||d aCDMRbcatcCDMR1 aMartorell de Balanzo, Carmen10aPeriodismo y opinión pública ante el desastre de 1898cCarmen Martorell de Balanzo aBarcelonac1968